01750 a2200193 45000010006000000050017000060080041000230030015000640400040000790800125001192450072002440200018003162500011003342640043003453000019003885051103004071000027015107000019015373609420260407155638.0260407a1991 arg spa dAR-UNSa-BCEJYS aAR-UNSa-BCEJYSbspacAR-UNSa-BCEJYS a658.012.2xPlanificación. Programas. Planes. Medidas de apoyo a la planificación( Administración estratégica...)10aAdministración y estrategiapun enfoque competitivo y emprendedor a950-537-140-3 a3a. ed 1aBuenos Aires :bEdiciones Macchic1991 a351 p.c22 cm. aI.: ¿Qué es la administración?: 1. ¿Dónde está la administración ? - 2. ¿Cuáles son las características de las empresas? - II.: Administración tradicional(1900-1970): 3. Las escuelas clásicas(1900/25) - 4. La escuela de relaciones humanas(1925-35) - 5. La escuela neocásica(1925/1945) - 6. Las escuelas de sociología y de sicología (1935/1950) - 7. El modelo burocrático(1910/1950) - 8. La escuela de la teoría de la organización (194671960) - 9. La teoría de los sistemas(1950/1970)- III. De la administración tradicional a la administración estratégica (1970/1990): 10. Los impactos que provocan la fractura de la continuidad en las ideas tradicionales de la administración - 11. El planemiento estratégico - 12. El enfoque de las matrices para el planeamiento estratégico y las necesidad del análisis prospectivo - 13. La excelencia de gestión, la creatividad y la cultura compartida - 14. La estrategia competitiva - 15. Ventajas competitivas dinámicas a través de una cultura compartida para administrar negocios en la década de 1990. 1 aHermida, Jorge Alfredo1 aSerra, Roberto